Comaring varieties of lettuce in dry season at royal university of agriculture ការប្រៀបធៀបពូជដំណាំសាលាដ ក្នុងលក្ខខណ្ឌរដូវប្រាំង នៅសាកលវិទ្យាល័យភូមិន្ទកសិកម្ម (Record no. 894)
[ view plain ]
| 000 -LEADER | |
|---|---|
| fixed length control field | 00672nam a22001577a 4500 |
| 003 - CONTROL NUMBER IDENTIFIER | |
| control field | OSt |
| 005 - DATE AND TIME OF LATEST TRANSACTION | |
| control field | 20150920112225.0 |
| 008 - FIXED-LENGTH DATA ELEMENTS--GENERAL INFORMATION | |
| fixed length control field | 150920b xxu||||| |||| 00| 0 eng d |
| 040 ## - CATALOGING SOURCE | |
| Transcribing agency | RUA |
| 082 ## - DEWEY DECIMAL CLASSIFICATION NUMBER | |
| Classification number | AGR PHE 2008 B038 Or.1 |
| 100 ## - MAIN ENTRY--PERSONAL NAME | |
| 9 (RLIN) | 927 |
| Personal name | PHENG, VIYOURA. |
| 245 ## - TITLE STATEMENT | |
| Title | Comaring varieties of lettuce in dry season at royal university of agriculture ការប្រៀបធៀបពូជដំណាំសាលាដ ក្នុងលក្ខខណ្ឌរដូវប្រាំង នៅសាកលវិទ្យាល័យភូមិន្ទកសិកម្ម |
| 260 ## - PUBLICATION, DISTRIBUTION, ETC. (IMPRINT) | |
| Place of publication, distribution, etc. | Phnom Penh |
| Name of publisher, distributor, etc. | RUA |
| Date of publication, distribution, etc. | 2008 |
| 300 ## - PHYSICAL DESCRIPTION | |
| Extent | x; 48p. |
| Other physical details | ill. |
| Dimensions | 29cm. |
| 942 ## - ADDED ENTRY ELEMENTS (KOHA) | |
| Source of classification or shelving scheme | |
| Koha item type | AGR |
| Price effective from | Date last seen | Permanent Location | Not for loan | Date acquired | Source of classification or shelving scheme | Koha item type | Lost status | Withdrawn status | Total Renewals | Date last checked out | Total Checkouts | Shelving location | Damaged status | Barcode | Current Location | Full call number |
|---|---|---|---|---|---|---|---|---|---|---|---|---|---|---|---|---|
| 2015-09-20 | 2022-02-15 | Library Block B | 2015-09-20 | AGR | 2022-01-28 | 3 | B038 | RUA000980 | Library Block B | AGR PHE 2008 B038 Or.1 | ||||||
| 2015-09-20 | 2023-04-24 | Library Block B | 2015-09-20 | AGR | 2023-03-14 | 6 | B038 | RUA000993 | Library Block B | AGR PHE 2008 B038 Or.2 | ||||||
| 2015-09-20 | 2024-05-07 | Library Block B | 2015-09-20 | AGR | 2023-12-12 | 5 | B038 | RUA000919 | Library Block B | AGR PHE 2008 B038 Or.3 | ||||||
| 2015-09-20 | 2019-12-02 | Library Block B | 2015-09-20 | AGR | 1 | 2019-11-05 | 6 | B038 | RUA000988 | Library Block B | AGR PHE 2008 B038 Or.4 | |||||
| 2015-09-20 | 2023-12-25 | Library Block B | 2015-09-20 | AGR | 2 | 2023-10-18 | 7 | B038 | RUA000927 | Library Block B | AGR PHE 2008 B038 Or.5 |